00652naa a2200169 i 45000010005000000030009000050050017000140080039000310400021000700800012000911000134001032450119002376500019003567730079003759420013004549990015004678984KOSZ 00520180314094007.0150319s2009 pl f |000 0 pol cBPKdKOSZ 005/EG a624.1311 aWERNO, Maciej.d1998 - 2004.bPolitechnika Koszalińska - Wydział Budownictwa i Inżynierii Środowiska,cKatedra Geotechniki10aPrzegląd metod i sprzętu do badań geotechnicznych na morzu /cMaciej Werno, Bożena Juszkiewicz-Bednarczyk. 0aHydrodynamika.0 iW :tInżynieria Morska i Geotechnika. -g2009, nr 5, s. 61-69x0867-4299 cART2UKD c8984d8984